| 000 | 00556nam a2200193Ia 4500 | ||
|---|---|---|---|
| 001 | 60760 | ||
| 008 | 170920n ii |||gr||||Z||||||491 | ||
| 041 | _a491 | ||
| 082 | _a294.11 | ||
| 110 |
_aChowkhomba Sanskrit Pratisthan. _cDelhi _eCorporate Author. |
||
| 245 | 0 |
_aRgved sanhita _cPublished by Chowkhamba Sanskrit Pratisthan _hTextual Documents |
|
| 260 |
_aDelhi: _bChowkhamba Sanskrit Pratisthan. |
||
| 300 |
_a978pg: _c23cm. |
||
| 500 | _a878/G/Ref & 879/G/Ref | ||
| 653 | _aSanskrit | ||
| 653 | _aRgved | ||
| 653 | _aReference | ||
| 942 |
_2ddc _cBK |
||
| 999 |
_c61885 _d61885 |
||